Normal view
MARC view
- Shaffer, David R.
Entry Personal Name
001 - CONTROL NUMBER
- control field: 4353
003 - CONTROL NUMBER IDENTIFIER
- control field: NUST
005 - DATE AND TIME OF LATEST TRANSACTION
- control field: 20170829102610.0
008 - FIXED-LENGTH DATA ELEMENTS
- fixed length control field: 170829|| aca||aabn | a|a d
040 ## - CATALOGING SOURCE
- Original cataloging agency: NUST
- Transcribing agency: NUST
100 ## - HEADING--PERSONAL NAME
- Personal name: Shaffer, David R.
- Fuller form of name: (David Reed),
- Dates associated with a name: 1946-
670 ## - SOURCE DATA FOUND
- Source citation: Work cat.: (NUST)0: Shaffer, David R. (David Reed), 1946-, Social and personality development /, c2005.
